|
|
|
|
| LEADER |
00000nab a2200000 a 4500 |
| 001 |
vtls001022185 |
| 003 |
SK-MaSNL |
| 005 |
20260303042510.0 |
| 008 |
040720e19940224xo 0 slo |
| 035 |
|
|
|a SL775
|
| 040 |
|
|
|a SLLK
|b slo
|c SLLK
|e AACR2
|
| 041 |
0 |
|
|a slo
|
| 044 |
|
|
|a xo
|c SK
|
| 080 |
|
|
|a 737
|2 1981
|
| 100 |
1 |
|
|a Roth, Peter
|4 aut
|9 9023
|
| 245 |
1 |
0 |
|a Závesok z lupy
|b archeologické motívy na slovenských peniazoch
|c Peter Roth
|
| 650 |
0 |
7 |
|a mincovníctvo
|2 SLLK
|9 30122
|
| 650 |
0 |
7 |
|a Bronzový prívesok z Nitry-Lupky (20 Sk)
|2 SLLK
|9 1028805
|
| 773 |
0 |
8 |
|t Ľubovnianske noviny
|g Roč. 20, č.8, 24.2.1994, s. 5
|
| 852 |
|
|
|a ZVYKNI
|b KIS3GCP
|
| 999 |
|
|
|c 1692380
|d 1694310
|